Quizzes
Events
Quiz Creation
Community
Videos
Private Events
Remove Ads
Sign In
Join for FREE
Feedback
Dark Mode
Quiz Categories
Sports
Geography
Music
Movies
Television
Just For Fun
Miscellaneous
History
Literature
Language
Science
Gaming
Entertainment
Religion
Holiday
For Kids
Quiz Lab
Recent
Popular Today
Quiz Kudos Today
Editor Picks
Curator Picks
Quizzes by...
Day
Popularity
Type
Ratings
Length
Year
Community
Subscriptions
Recent Discussions
Orange Saloon
Badges
Playlists
Quests
Create
Leaderboards
Showdown
Live 5
Trivia Bingo
Activity
Puzzle Library
Sporcle Events
Private Events
Virtual Trivia
Globe League
Become a Host
Pub Owners
SporcleCon
Opinionation
Our Games
Videos
Blog
Mobile Apps
Partnerships
Remove Ads and Go Orange
Feedback
Geography
Country
Landmarks
City
State
Population
World
Capital
Continent
Flags
Europe
Africa
Asia
South America
North America
Oceania
Border
Canada
United Kingdom
Topography
United States
Geography
Country
Landmarks
City
State
Population
World
Capital
Continent
Flags
Europe
Africa
Asia
South America
North America
Oceania
Border
Canada
United Kingdom
Topography
United States
Random Quiz
Search Sporcle
×
Quiz Lab
Quiz Lab
Geography
Population
Type in answers that appear in a list
Type in answers that appear in a list
Classic
Best Score? Go Orange.
QUEENSLAND CITIES/TOWNS BY POPULATION (2011 CENSUS) Stats
Can you name the QUEENSLAND CITIES/TOWNS BY POPULATION (2011 CENSUS)
By
stmookeyj
10m
100 Questions
169 Plays
169 Plays
169 Plays
Comments
Comments
Give Quiz Kudos
Give Quiz Kudos
-
- Ratings
hide this ad
More Info
Replay
Link that replays current quiz
Next Quiz
Link to next quiz in quiz playlist
You Got
0%
They Got
Avg Score
36%
Avg Friend Score
Upgrade to see
Score Distribution
Jump to the score distribution portion of the page
Score
0/100
Timer
10:00
0
Plays Today
POPULATION
CITY/TOWN
% Correct
1874426
BRISBANE (Incl. Ipswich)
99.4%
209263
SUNSHINE COAST
97.6%
533659
GOLD COAST (Incl. Tweed Heads)
97%
133891
CAIRNS (Incl. Northern Beaches)
96.4%
157752
TOWNSVILLE (Incl. Thuringowra)
95.9%
74221
MACKAY
92.3%
61725
ROCKHAMPTON
92.3%
96568
TOOWOOMBA
91.1%
20569
MOUNT ISA
87%
49752
BUNDABERG
83.4%
32074
GLADSTONE
81.1%
48678
HERVEY BAY
78.7%
17284
GYMPIE
78.1%
21776
MARYBOROUGH
72.8%
6905
ROMA
71%
3939
PORT DOUGLAS - CRAIGLIE
71%
13379
WARWICK
64.5%
12896
EMERALD
64.5%
3137
LONGREACH
63.3%
7869
AIRLIE BEACH - CANNONVALE
62.7%
9587
KINGAROY
60.9%
8235
CHARTERS TOWERS
60.4%
7177
INNISFAIL
60.4%
10860
DALBY
59.2%
8393
AYR
58.6%
3332
WEIPA
56.8%
16251
NAMBOUR
54.4%
15141
YEPPOON
54.4%
8605
BOWEN
53.3%
3538
SARINA
50.9%
5511
GOONDIWINDI
50.3%
5474
BEAUDESERT
50.3%
3387
PROSERPINE
49.1%
2314
CLONCURRY
49.1%
POPULATION
CITY/TOWN
% Correct
6675
ATHERTON
47.9%
4955
STANTHORPE
47.9%
4705
INGHAM
46.2%
3318
CHARLEVILLE
46.2%
4780
CHINCHILLA
43.8%
7296
MAREEBA
42.6%
6180
GATTON
41.4%
2648
ST.GEORGE
36.7%
5808
BILOELA
35.5%
2264
TULLY
34.9%
9347
BOYNE ISLAND - TANNUM SANDS
32%
4838
BLACKWATER
32%
3566
NANANGO
32%
17041
BONGAREE-WOORIM
29%
10050
BARGARA - INNES PARK
29%
3736
EMU PARK
29%
3025
HOME HILL
28.4%
8624
MORANBAH
26%
8160
GRACEMERE
26%
4632
JIMBOOMBA WEST
25.4%
4339
BEERWAH
25.4%
4281
OAKEY
25.4%
3599
JIMBOOMBA
25.4%
3255
LAIDLEY
25.4%
2091
MURGON
24.9%
5483
GORDONVALE
24.3%
2473
BOONAH
24.3%
3503
GLASSHOUSE MOUNTAINS
23.7%
1993
TIN CAN BAY
23.7%
2159
KURANDA
23.1%
7947
HIGHFIELDS
22.5%
2490
MALENY
21.3%
2177
CLERMONT
21.3%
2691
COOROY
20.7%
POPULATION
CITY/TOWN
% Correct
3059
CALLIOPE
20.1%
2557
MOUNT MORGAN
18.3%
2351
WOODFORD
14.2%
3708
LANDSBOROUGH
13.6%
3003
DYSART
13.6%
2969
PITTSWORTH
13.6%
6814
TAMBORINE MOUNTAIN
12.4%
2339
PALM ISLAND
11.8%
8027
SANDSTONE POINT - NINGI
11.2%
3143
BEACHMERE
11.2%
4082
PALMWOODS
10.1%
3995
KENSINGTON GROVE - REGENCY DOWNS
10.1%
3146
LOWOOD
10.1%
2610
THURSDAY ISLAND
8.3%
2156
ROSEWOOD
6.5%
4274
MOUNT COTTON
4.7%
2631
BURNETT HEADS
4.1%
2128
SAMFORD VALLEY - HIGHVALE
4.1%
1912
MIDDLEMOUNT
4.1%
2018
CEDAR GROVE
3%
2846
MOOLOOLAH
1.8%
2408
YARRABAH
1.8%
2328
CEDAR VALE
1.8%
3576
DOONAN - TIMBEERWAH
1.2%
3089
WALKERSTON
1.2%
2646
WESTBROOK
1.2%
2570
MACLEAY ISLAND
1.2%
2473
RUSSELL ISLAND
1.2%
2254
MARIAN
1.2%
1975
MERINGANDAN WEST
1.2%
2514
COOLOOLA VILLIAGE
0.6%
2108
ALICE RIVER
0.6%
Quiz Playlist
Details
Report
Send in Message
Add To Playlist
More Info:
Top 100 Cities and Towns in the Australian state of Queensland sorted by population. Figures accurate as of the 2011 census.
Classic:
Type in answers that appear in a list
Quiz Source
Last Updated: Feb 16, 2017
Quiz Scoreboard
CHALLENGE
Sign Up to Join the Scoreboard
Show All
Scores
Hide
Comments
May contain spoilers
Recently Published
Billboard Blitz: Fleetwood Mac
by CooCooCachoo
Music
15s
Presidents Visiting Landmarks
by Hejman
History
7m
An Introduction to Baseball
by treessimontrees
Sports
5m
More to Explore
Quiz From the Vault
Featured Blog Post
Where Did the Easter Bunny Come From?
hide this ad
You Might Also Like...
Tags
City Quiz
Population Quiz
2011
census
Queensland
Town
Today's Top Quizzes in Geography
Browse Geography
hide this ad
Today's Top Quizzes in Population
Browse Population
Top Contributed Quizzes in Geography
1
Countries of the World - No Outlines Minefield
2
Top 25 Cities of France on a map
3
Any capital of a 'B' country per Continent
4
Any capital of a 'C' country per Continent
5
Closest Countries to UK A-Z
6
Any capital of a 'D' country per Continent
7
5-to-1: US Geography No Hints
8
One Thing in Common: United Kingdom
9
Any capital of an 'E' country per Continent
10
Any capital of an 'F' country per Continent
Explore More
Trending Topics
Anime
Crossword
Kpop
Disney
Harry Potter
NBA
Marvel
The Office
Puzzle
Pokémon
Soccer
Country
NFL
Song
WWE
hide this ad
More By:
stmookeyj
Quiz
Plays
Rating
Category
Featured
Created
CRICKET: ASHES PLAYERS (2000-2009)
8,132
4.68
Sports
Nov 22, 2010
Australian Test Cricketers (2000's)
5,298
4.25
Sports
Dec 1, 2009
FIRST TEST XI's IN AUSTRALIA (CRICKET) 2000/01-2012/13
3,416
5.00
Sports
Oct 30, 2013
NEW ZEALAND TEST CRICKETERS (2000's)
2,948
4.38
Sports
Jan 27, 2010
1992 CRICKET WORLD CUP SQUADS
2,505
4.37
Sports
Feb 14, 2010
Go to Creator's Profile
Score Distribution
Quiz Creator Spotlight
stmookeyj
Follow
Send a Message
Quizzes Created
-
Created Quiz Play Count
-
More By This Creator
Popular Quizzes Today
1
Find the US States - No Outlines Minefield
2
Find the Countries of Europe - No Outlines Minefield
3
The Countries of the World
4
Find the US States
5
US States
6
Risky Map Clicking: Biggest States A-Z
7
Popular People in 1961
8
Movies - When Are They Set?
More Geography Quizzes
U.S. Metros with the highest Armenian populations
Quiz Lab
Trending Quizzes
Risky Map Clicking: Least Populous States A-Z
1-10 Letter G Words
1-10 Letter F Words
Risky Map Clicking: Next State Alphabetically
Risky Map Clicking: Biggest States A-Z
Recently Updated
Leaping Animals
pecheneg
Reality TV Shows (A-Z)
bhenderson79
Rickey Henderson's Hall of Fame Teammates
pecheneg
Champions League XIs: Arsenal
pecheneg
Quick Pick: Celebrities in WWE's Hall of Fame
aduchscher
A-Z Keypad Blitz II
pecheneg
Multiple Oscar Actors
pecheneg
Mystery Phrase Blitz: Oscar 'Best Actors'
pecheneg
F. Scott Fitzgerald Novels
LTH
Pick 3 Villains
ddd62291
Trending Topics
Disney
Crossword
NBA
Harry Potter
Marvel
Kpop
Anime
Soccer
Country
The Office
Puzzle
WWE
Song
NFL
Pokémon
Your Account Isn't Verified!
In order to create a playlist on Sporcle, you need to verify the email address you used during registration. Go to your
Sporcle Settings
to finish the process.
Report this User
Report this user for behavior that violates our
Community Guidelines
.
Details:
Send Report
Go to the Sporcle.com Mobile Site →
Comments